| 000 | 01090nam a2200241 i 4500 | ||
|---|---|---|---|
| 001 | 163343 | ||
| 003 | ES-MaACL | ||
| 005 | 20250821063103.0 | ||
| 008 | 960731s1898 sp |||| | spa d | ||
| 040 |
_aCLM _bspa _cCLM |
||
| 100 | 1 |
_aRepullés y Vargas, Enrique María, _d1845-1922 _996277 |
|
| 245 | 1 | 3 |
_aEl simbolismo en la arquitectura cristiana _b: conferencia dada en la Sociedad Central de Arquitectos / _cpor su presidente Enrique María Repullés y Vargas ... ; el día 13 de junio de 1898. |
| 260 |
_aMadrid : _b[s.n.], _c1898 ( _fImp. de asilo de huérfanos del S.C. de Jesús) |
||
| 300 |
_a46 p. ; _c22 cm. |
||
| 530 | _aDisponible en formato digital. | ||
| 597 | _aAntep. | ||
| 650 | 4 |
_aArquitectura- _xAspectos simbólicos. _9156615 |
|
| 650 | 4 |
_aArquitectura religiosa. _910048 |
|
| 650 | 4 |
_aSimbolismo cristiano. _917106 |
|
| 852 |
_aES-MaACL _jT-864-F-8 _z-- Enc. hol., conservnado la enc. original _z-- Enc. en un vol. facticio |
||
| 856 |
_uhttp://bdh-rd.bne.es/viewer.vm?id=0000192895&page=1 _zBiblioteca Digital Hispánica |
||
| 999 |
_c163343 _d163343 |
||